Movies Quiz

Random Movies or Clickable Quiz

George Clooney Characters by Description Quiz Stats

Quiz Updated Jul 14, 2015

Challenge
Share
Tweet
Embed
Score 0/20 Timer 06:00
0 Plays Today
% Correct
Bruce Wayne (Batman & Robin)
97.4%
Danny Ocean (Ocean's Eleven)
96.9%
Billy Tyne (The Perfect Storm)
96.2%
Matt Stevens (Return of the Killer Tomatoes!)
93.4%
Matt Kowalsky (Gravity)
91.6%
Devlin (Spy Kids)
90.8%
Dodge Connelly (Leatherheads)
89.1%
Frank Stokes (The Monuments Men)
83.6%
Chris Kelvin (Solaris)
81.6%
Ryan Bingham (Up in the Air)
80%
% Correct
Everett McGill (O Brother, Where Art Thou?)
79.8%
Fred Friendly (Good Night, and Good Luck)
78.3%
Bob Barnes (Syriana)
77.4%
Archie Gates (Three Kings)
75.7%
Michael Clayton (Michael Clayton)
75.4%
Seth Gecko (From Dusk Till Dawn)
73.1%
Lyn Cassady (The Men Who Stare at Goats)
72.8%
Miles Massey (Intolerable Cruelty)
70.9%
Mike Morris (The Ides of March)
69.3%
Matt King (The Descendants)
67.1%

You're not logged in!

Compare scores with friends on all Sporcle quizzes.
Join for Free
OR
Log In

You Might Also Like...

Show Comments

Extras

Top Quizzes Today


Score Distribution

Your Account Isn't Verified!

In order to create a playlist on Sporcle, you need to verify the email address you used during registration. Go to your Sporcle Settings to finish the process.

Report this User

Report this user for behavior that violates our Community Guidelines.

Details: